000 00605nam a2200241 a 4500
003 AR-BaBNM
005 20251128210054.0
008 082120s2002 ||||||||||||||000 | spa||
020 _a84-8063-032-9
040 _cAR-BaBNM
100 1 _aMullinar, Gill
245 0 0 _aDiccionario de educación sexual
250 _a1ª ed.
260 _aBarcelona
_bEdiciones Octaedro
_c1993
300 _a127 p.
_bil.
650 4 _aDICCIONARIOS
650 4 _aREFERENCIA
650 4 _aEDUCACION SEXUAL
655 _aREFERENCIA
700 1 _aCiocchini Suárez, María Eugenia
942 _cBK
998 _cCarmen
999 _c13910
_d13910